[Event "Norway Chess"]
[Site "Stavanger NOR"]
[Date "2020.10.13"]
[EventDate "2020.10.05"]
[Round "8.2"]
[Result "1/2-1/2"]
[White "Fabiano Caruana"]
[Black "Alireza Firouzja"]
[WhiteElo "2828"]
[BlackElo "2728"]
[PlyCount "120"]

1. e4 c6 2. d4 d5 3. f3 dxe4 4. fxe4 e5 5. Nf3 Bg4 6. c3 Nd7
7. Bd3 Ngf6 8. O-O Bd6 9. Na3 b5 10. Nc2 Bh5 11. Ne3 O-O
12. Nf5 Qc7 13. Qc2 Bg6 14. Nxd6 Qxd6 15. Bg5 c5 16. dxe5 Nxe5
17. Nxe5 Qxe5 18. Bxf6 gxf6 19. Bxb5 Bxe4 20. Qf2 Rab8 21. Bd7
Rfd8 22. Rad1 Rb6 23. Rfe1 f5 24. Qh4 Qf6 25. Qxf6 Rxf6
26. Ba4 Rxd1 27. Rxd1 Rg6 28. Rd2 f4 29. Bd1 Kg7 30. Kf1 Rh6
31. Kg1 Rg6 32. Rf2 f5 33. Kf1 Kf6 34. Bf3 Ke5 35. Rd2 Rh6
36. Kg1 a5 37. b3 Rb6 38. Kf2 Ra6 39. Rd8 a4 40. Re8+ Kd5
41. Be2 Rg6 42. g3 axb3 43. axb3 fxg3+ 44. hxg3 Kd6 45. Bc4
Bc6 46. Rf8 Be4 47. Rb8 Kc7 48. Re8 Kd6 49. Rb8 Kc7 50. Rh8
Rh6 51. Ke3 Rh2 52. g4 Kd6 53. Re8 Rh3+ 54. Kf4 Rf3+ 55. Kg5
Bb1 56. Re6+ Kc7 57. Re5 fxg4 58. Rxc5+ Kb6 59. Rb5+ Kc6
60. Kxg4 Rxc3 1/2-1/2

[Event "Norway Chess"]
[Site "Stavanger NOR"]
[Date "2020.10.13"]
[EventDate "2020.10.05"]
[Round "8.2"]
[Result "1-0"]
[White "Fabiano Caruana"]
[Black "Alireza Firouzja"]
[WhiteElo "2828"]
[BlackElo "2728"]
[PlyCount "97"]

1. e4 c6 2. d4 d5 3. f3 g6 4. Nc3 Bg7 5. e5 c5 6. f4 cxd4
7. Qxd4 Be6 8. Nf3 Nc6 9. Bb5 Nh6 10. Bxc6+ bxc6 11. Qc5 Bd7
12. Be3 e6 13. Na4 Nf5 14. Bf2 h5 15. Qc3 c5 16. Nxc5 O-O
17. O-O Bb5 18. Rfe1 Qe7 19. a4 Bc6 20. b4 Rfc8 21. Qd2 Be8
22. c3 a5 23. h3 Bf8 24. Kh2 Qc7 25. g4 Ng7 26. Rg1 axb4
27. cxb4 d4 28. Bxd4 Rd8 29. Ne4 Bc6 30. Rac1 Qb7 31. Nf6+ Kh8
32. f5 Ne8 33. fxg6 Bxf3 34. gxh5 fxg6 35. hxg6 Bg7 36. Qf4
Rxd4 37. Qxd4 Bh6 38. Qh4 Qg7 39. Rcf1 Be2 40. Rf2 Bd3 41. Ng4
Bxg6 42. Nxh6 Qxe5+ 43. Rg3 Qh5 44. Qxh5 Bxh5 45. Rf8+ Kh7
46. Nf7 Bxf7 47. Rxf7+ Kh6 48. Rf8 Kh7 49. Rgg8 1-0

[Event "Norway Chess"]
[Site "Stavanger NOR"]
[Date "2020.10.15"]
[EventDate "2020.10.05"]
[Round "9.1"]
[Result "0-1"]
[White "Alireza Firouzja"]
[Black "Magnus Carlsen"]
[WhiteElo "2728"]
[BlackElo "2863"]
[PlyCount "138"]

1. Nf3 Nf6 2. g3 c5 3. Bg2 Nc6 4. O-O e5 5. e4 d6 6. c3 g6
7. d4 cxd4 8. cxd4 Bg4 9. dxe5 dxe5 10. Nc3 Bg7 11. h3 Bxf3
12. Qxd8+ Rxd8 13. Bxf3 O-O 14. Kg2 Nd4 15. Bg5 h6 16. Bxf6
Bxf6 17. Nd5 Rd6 18. Rac1 Bd8 19. Rfd1 Kg7 20. Ne3 Ra6 21. a3
h5 22. Nc4 Bf6 23. h4 Rc8 24. Ne3 Rac6 25. Rxc6 Rxc6 26. Rd3
Bd8 27. Bd1 Rc1 28. Bb3 b5 29. Rd1 Rc8 30. Ba2 a5 31. Rd3 a4
32. Kf1 Bb6 33. Rc3 Rxc3 34. bxc3 Nb3 35. Ke1 Bc5 36. Nc2 Nc1
37. Bd5 Nd3+ 38. Ke2 Nxf2 39. Bc6 f6 40. Ne3 Nh1 41. Nf1 Bxa3
42. Bxb5 Bb2 43. Bxa4 Bxc3 44. Kf3 Bd4 45. g4 hxg4+ 46. Kxg4
Nf2+ 47. Kf3 Kh6 48. Ng3 Nd3 49. Be8 Nf4 50. Ne2 Ne6 51. Bf7
Nc5 52. Ng3 Bc3 53. h5 Be1 54. Bxg6 Bxg3 55. Kxg3 Kg5 56. Kf3
Nb3 57. Bf7 Nd4+ 58. Kg3 Ne2+ 59. Kf3 Nf4 60. Kg3 Nxh5+
61. Bxh5 Kxh5 62. Kh3 Kh6 63. Kh4 Kg7 64. Kg3 Kf8 65. Kf2 Ke7
66. Ke2 Ke8 67. Ke3 Kd7 68. Kd3 Kd6 69. Kc3 Kc5 0-1

[Event "chess.com Speed Chess"]
[Site "chess.com INT"]
[Date "2020.11.05"]
[EventDate "2020.11.01"]
[Round "1.11"]
[Result "0-1"]
[White "Alireza Firouzja"]
[Black "Vladimir Fedoseev"]
[WhiteElo "2749"]
[BlackElo "2676"]
[PlyCount "106"]

1. e3 b6 2. d4 Bb7 3. Nf3 e6 4. Bd3 f5 5. O-O Nf6 6. c4 Be7
7. Nc3 O-O 8. Qc2 Bxf3 9. gxf3 Qe8 10. Ne2 Qh5 11. Kg2 Qh4
12. Bd2 Nc6 13. a3 Nh5 14. Rh1 Rf6 15. Rag1 Rh6 16. h3 Rg6+
17. Kf1 Rxg1+ 18. Kxg1 Rf8 19. Kf1 g6 20. f4 d6 21. Ng1 Qf6
22. Nf3 e5 23. c5 exd4 24. cxb6 d5 25. bxc7 Rc8 26. Nxd4 Nxd4
27. exd4 Qd6 28. Be2 Nxf4 29. Bxf4 Qxf4 30. Qc6 Qxc7 31. Qxd5+
Kg7 32. Kg2 Bf6 33. Bf3 Rd8 34. Qb7 Qxb7 35. Bxb7 Rxd4 36. b4
Rd2 37. h4 Bd4 38. Rf1 Ra2 39. Bf3 Kf6 40. Kg3 Be5+ 41. Kg2
Bd4 42. Kg3 Rxa3 43. Rd1 Be5+ 44. Kg2 Ra4 45. Rd7 h5 46. Rb7
Bd6 47. b5 Bc5 48. Rc7 Bb6 49. Rc6+ Kg7 50. Re6 Rxh4 51. Bd5
Rd4 52. Rd6 Rd2 53. Kg3 Bc7 0-1

[Event "chess.com Speed Chess"]
[Site "chess.com INT"]
[Date "2020.11.05"]
[EventDate "2020.11.01"]
[Round "1.12"]
[Result "1-0"]
[White "Vladimir Fedoseev"]
[Black "Alireza Firouzja"]
[WhiteElo "2676"]
[BlackElo "2749"]
[PlyCount "51"]

1. d4 e6 2. c4 Nf6 3. Nf3 d5 4. g3 Be7 5. Bg2 O-O 6. Nc3 Nbd7
7. b3 b6 8. cxd5 Nxd5 9. Nxd5 exd5 10. O-O Bb7 11. Bf4 Re8
12. Rc1 c6 13. Bh3 Ba3 14. Rc2 Nf8 15. Ne5 c5 16. dxc5 bxc5
17. Nd3 Qb6 18. Bc1 Bxc1 19. Qxc1 c4 20. bxc4 dxc4 21. Nf4 Ba6
22. Nd5 Qa5 23. Rd1 Rad8 24. Rcd2 Ne6 25. Bxe6 fxe6 26. Ne7+
1-0

[Event "chess.com Speed Chess"]
[Site "chess.com INT"]
[Date "2020.11.05"]
[EventDate "2020.11.01"]
[Round "1.13"]
[Result "1/2-1/2"]
[White "Alireza Firouzja"]
[Black "Vladimir Fedoseev"]
[WhiteElo "2749"]
[BlackElo "2676"]
[PlyCount "104"]

1. e4 e5 2. Nf3 Nc6 3. Bb5 a6 4. Ba4 Nf6 5. O-O Nxe4 6. d4 b5
7. Bb3 d5 8. dxe5 Be6 9. c3 Be7 10. Nbd2 O-O 11. Bc2 f5
12. exf6 Nxf6 13. a4 b4 14. Re1 Bg4 15. h3 Bh5 16. Bf5 Bd6
17. Qc2 Re8 18. g4 Rxe1+ 19. Nxe1 Qe8 20. Ndf3 Bg6 21. Bxg6
hxg6 22. Be3 bxc3 23. bxc3 Na5 24. Rd1 Nc4 25. Bg5 c6 26. Bxf6
gxf6 27. Nd4 c5 28. Ndf3 Qe4 29. Qd3 Rb8 30. Qxd5+ Qxd5
31. Rxd5 Kf7 32. Nd2 Ke6 33. Rd3 Nxd2 34. Rxd2 Rb1 35. Re2+
Kd5 36. Kg2 Ra1 37. Nc2 Rxa4 38. Ne3+ Kc6 39. h4 Be5 40. h5
gxh5 41. gxh5 Rh4 42. Ra2 Rxh5 43. Rxa6+ Kb5 44. Ra3 c4
45. Ra8 Rh2+ 46. Kf3 Rh4 47. Ke2 Bxc3 48. Rb8+ Ka4 49. Ra8+
Kb3 50. Rb8+ Ka4 51. Ra8+ Kb5 52. Rb8+ Ka4 1/2-1/2

[Event "chess.com Speed Chess"]
[Site "chess.com INT"]
[Date "2020.11.05"]
[EventDate "2020.11.01"]
[Round "1.14"]
[Result "1-0"]
[White "Vladimir Fedoseev"]
[Black "Alireza Firouzja"]
[WhiteElo "2676"]
[BlackElo "2749"]
[PlyCount "79"]

1. d4 Nf6 2. c4 e6 3. Nf3 b6 4. a3 Bb7 5. Bf4 Be7 6. Nc3 O-O
7. d5 Re8 8. e3 Nh5 9. Bg3 Bf6 10. Be5 Bxe5 11. Nxe5 Nf6
12. Nf3 d6 13. Be2 Nbd7 14. O-O a6 15. b4 exd5 16. cxd5 b5
17. Qb3 Nb6 18. Rfd1 Ne4 19. Nxe4 Rxe4 20. Qc2 Qe7 21. Rac1
Nc4 22. Nd2 Bxd5 23. Bxc4 Rxc4 24. Nxc4 Bxc4 25. Rd4 g6 26. h4
d5 27. Qd2 a5 28. e4 axb4 29. axb4 Ra2 30. Qe3 Qxb4 31. exd5
Qd6 32. Re1 h5 33. Qc3 Ra8 34. Rde4 Rf8 35. Re8 Bxd5 36. Rxf8+
Qxf8 37. Qxc7 Be6 38. Rd1 Qb4 39. Rd8+ Kh7 40. Qe5 1-0

[Event "chess.com Speed Chess"]
[Site "chess.com INT"]
[Date "2020.11.05"]
[EventDate "2020.11.01"]
[Round "1.15"]
[Result "1/2-1/2"]
[White "Alireza Firouzja"]
[Black "Vladimir Fedoseev"]
[WhiteElo "2749"]
[BlackElo "2676"]
[PlyCount "64"]

1. Nf3 Nf6 2. g3 g6 3. Bg2 Bg7 4. O-O O-O 5. d4 d5 6. c4 c6
7. Ne5 Be6 8. cxd5 Bxd5 9. Nf3 Ne4 10. Qc2 Nd7 11. Nc3 Nxc3
12. bxc3 c5 13. e4 Bc4 14. Re1 cxd4 15. cxd4 Rc8 16. Qb2 Nc5
17. Qa3 Ne6 18. Be3 Nxd4 19. Nxd4 Bxd4 20. Rad1 e5 21. Bxd4
exd4 22. Qxa7 b6 23. Qa3 Ra8 24. Qc1 b5 25. Bf1 Bxf1 26. Rxf1
Rxa2 27. Qb1 Ra5 28. Qb4 Qb6 29. Qxd4 Qxd4 30. Rxd4 Ra4
31. Rd5 Rxe4 32. Rxb5 Re6 1/2-1/2

[Event "chess.com Speed Chess"]
[Site "chess.com INT"]
[Date "2020.11.05"]
[EventDate "2020.11.01"]
[Round "1.16"]
[Result "1/2-1/2"]
[White "Vladimir Fedoseev"]
[Black "Alireza Firouzja"]
[WhiteElo "2676"]
[BlackElo "2749"]
[PlyCount "46"]

1. d4 Nf6 2. c4 g6 3. g3 Bg7 4. Bg2 O-O 5. Nc3 d6 6. Nf3 Nc6
7. O-O e5 8. dxe5 dxe5 9. Bg5 Be6 10. Qxd8 Rfxd8 11. Nd2 h6
12. Bxf6 Rxd2 13. Bxg7 Kxg7 14. Bxc6 bxc6 15. b3 Rad8 16. Rfd1
R8d4 17. Rxd2 Rxd2 18. Kf1 Rc2 19. Nd1 f5 20. Ne3 Rb2 21. Nd1
Rc2 22. Ne3 Rb2 23. Nd1 Rc2 1/2-1/2

[Event "chess.com Speed Chess"]
[Site "chess.com INT"]
[Date "2020.11.05"]
[EventDate "2020.11.01"]
[Round "1.17"]
[Result "1-0"]
[White "Alireza Firouzja"]
[Black "Vladimir Fedoseev"]
[WhiteElo "2749"]
[BlackElo "2676"]
[PlyCount "69"]

1. Nf3 Nf6 2. g3 g6 3. Bg2 Bg7 4. O-O O-O 5. d4 d5 6. c4 c6
7. Ne5 Be6 8. cxd5 Bxd5 9. Nf3 Ne4 10. Qc2 Nd7 11. Re1 Rc8
12. Nc3 Nxc3 13. bxc3 c5 14. e4 Bc4 15. d5 e6 16. Bg5 Qa5
17. Nd2 Ba6 18. c4 Bxa1 19. Rxa1 exd5 20. exd5 f5 21. d6 Nf6
22. Qb2 Qd8 23. Bd5+ Kg7 24. Re1 Qxd6 25. Re6 Qd8 26. g4 h6
27. Bxf6+ Rxf6 28. h4 Rc6 29. Bxc6 Qd4 30. Qxd4 cxd4 31. Bd5
Rxe6 32. Bxe6 Kf6 33. gxf5 gxf5 34. Bd5 b6 35. f4 1-0

[Event "chess.com Speed Chess"]
[Site "chess.com INT"]
[Date "2020.11.05"]
[EventDate "2020.11.01"]
[Round "1.18"]
[Result "1/2-1/2"]
[White "Vladimir Fedoseev"]
[Black "Alireza Firouzja"]
[WhiteElo "2676"]
[BlackElo "2749"]
[PlyCount "142"]

1. d4 Nf6 2. c4 g6 3. Nc3 Bg7 4. e4 d6 5. Be2 O-O 6. Be3 e5
7. d5 Na6 8. Nf3 Ng4 9. Bg5 f6 10. Bh4 g5 11. Bg3 Nh6 12. Nd2
f5 13. exf5 Nxf5 14. Nde4 b6 15. Bd3 Nc5 16. Bb1 h6 17. O-O a5
18. Re1 Qe7 19. f3 Bd7 20. Bf2 Qf7 21. Qc2 Bh8 22. Nb5 Rac8
23. a3 Nd4 24. Nxd4 exd4 25. Nxc5 bxc5 26. Re6 Bxe6 27. dxe6
Qg7 28. Qa4 c6 29. Be4 Qc7 30. Re1 Be5 31. h4 Rf6 32. hxg5
hxg5 33. Qc2 Re8 34. e7 Rxe7 35. Qd3 Qd7 36. Qb3 Kg7 37. Qb6
d5 38. Bd3 g4 39. Qxc5 gxf3 40. cxd5 cxd5 41. Rxe5 Rxe5
42. Qxd4 Qe6 43. Qh4 Kf7 44. Qh7+ Kf8 45. Bc5+ Ke8 46. Bb5+
Kd8 47. Qh8+ Kc7 48. Qg7+ Rf7 49. Qg3 f2+ 50. Bxf2 Kb7 51. Bd3
d4 52. Qh4 Re3 53. Qxd4 Re1+ 54. Bxe1 Qxe1+ 55. Kh2 Qe7
56. Be4+ Kc8 57. Qc4+ Qc7+ 58. Qxc7+ Kxc7 59. b4 axb4 60. axb4
Rf4 61. Bf3 Rxb4 62. Kg3 Kd6 63. Kh3 Ke5 64. Kg3 Kf5 65. Bd5
Ra4 66. Bf3 Ra3 67. Kf2 Kf4 68. Ke2 Ra2+ 69. Kd3 Ra3+ 70. Kd4
Rxf3 71. gxf3 Kxf3 1/2-1/2

[Event "chess.com Speed Chess"]
[Site "chess.com INT"]
[Date "2020.11.05"]
[EventDate "2020.11.01"]
[Round "1.19"]
[Result "1/2-1/2"]
[White "Alireza Firouzja"]
[Black "Vladimir Fedoseev"]
[WhiteElo "2749"]
[BlackElo "2676"]
[PlyCount "86"]

1. Nf3 d5 2. g3 c5 3. Bg2 Nf6 4. O-O e6 5. d3 Be7 6. e4 O-O
7. e5 Ne8 8. Re1 Nc6 9. Bf4 b5 10. h4 a5 11. a3 Ba6 12. Nbd2
b4 13. h5 Nc7 14. h6 g6 15. Nf1 d4 16. Qd2 c4 17. dxc4 Bxc4
18. Bg5 bxa3 19. Bxe7 Qxe7 20. bxa3 Bxf1 21. Bxf1 Rad8 22. Nh2
f5 23. exf6 Qxf6 24. Bg2 Ne5 25. Qxa5 Nd5 26. Qd2 Nc3 27. a4
d3 28. cxd3 Nxd3 29. Rf1 Nf4 30. Qe3 Rd3 31. Qe1 Nfe2+ 32. Kh1
Qg5 33. a5 Rxg3 34. fxg3 Nxg3+ 35. Qxg3 Qxg3 36. Rxf8+ Kxf8
37. a6 Nb5 38. a7 Nxa7 39. Rxa7 Qe1+ 40. Bf1 Qe4+ 41. Bg2 Qe1+
42. Bf1 Qe4+ 43. Bg2 Qe1+ 1/2-1/2

[Event "chess.com Speed Chess"]
[Site "chess.com INT"]
[Date "2020.11.05"]
[EventDate "2020.11.01"]
[Round "1.21"]
[Result "1/2-1/2"]
[White "Vladimir Fedoseev"]
[Black "Alireza Firouzja"]
[WhiteElo "2676"]
[BlackElo "2749"]
[PlyCount "179"]

1. d4 Nf6 2. c4 g6 3. Nc3 Bg7 4. g3 O-O 5. Bg2 d6 6. Nf3 Nc6
7. O-O e5 8. dxe5 dxe5 9. Bg5 Be6 10. Nd2 h6 11. Bxf6 Bxf6
12. Nd5 Bg7 13. Ne4 Nd4 14. e3 Nf5 15. Nc5 Bc8 16. Qb3 c6
17. Nc3 Qe7 18. Qa3 h5 19. Rfd1 h4 20. N3e4 hxg3 21. hxg3 Re8
22. Rd2 Nh6 23. Rad1 Bg4 24. f3 Bc8 25. Nd7 Qxa3 26. bxa3 Kh8
27. Kf2 Re7 28. g4 Bxd7 29. Rxd7 Rae8 30. Rxe7 Rxe7 31. Rd8+
Ng8 32. Nd6 Bf6 33. c5 Kg7 34. Ne4 Bh4+ 35. Ke2 Rc7 36. Re8
Be7 37. g5 b6 38. Kd3 Bxc5 39. Nxc5 bxc5 40. Rxe5 Rd7+ 41. Kc3
Ne7 42. e4 Kf8 43. Bf1 Rd1 44. Bd3 Rc1+ 45. Kd2 Ra1 46. Bc4
Rg1 47. Rxc5 Ke8 48. Ra5 Nc8 49. Bb3 Rg2+ 50. Ke3 Rg1 51. Kf4
Rc1 52. Ra4 Ke7 53. Rd4 Nb6 54. Rd2 c5 55. Rc2 Rxc2 56. Bxc2
Kd6 57. Ke3 Nc4+ 58. Kd3 Ne5+ 59. Ke2 c4 60. f4 Nc6 61. Ke3
Kc5 62. e5 Nd4 63. Be4 c3 64. Kd3 c2 65. Kd2 Ne2 66. Bxc2 Nxf4
67. Bb3 Kd4 68. Bxf7 Kxe5 69. Kc3 Kf5 70. Kb4 Kxg5 71. Ka5 Kf6
72. Bxg6 Nxg6 73. Ka6 Ke6 74. Kxa7 Kd7 75. Kb6 Kc8 76. Kc6 Kb8
77. Kb6 Ka8 78. a4 Ne5 79. a5 Nc4+ 80. Kb5 Nxa5 81. Kxa5 Ka7
82. Kb5 Ka8 83. a4 Kb8 84. a5 Ka8 85. a6 Kb8 86. Ka5 Ka7
87. Kb5 Ka8 88. Kb6 Kb8 89. a7+ Ka8 90. Ka6 1/2-1/2

[Event "chess.com Speed Chess"]
[Site "chess.com INT"]
[Date "2020.11.05"]
[EventDate "2020.11.01"]
[Round "1.22"]
[Result "1-0"]
[White "Alireza Firouzja"]
[Black "Vladimir Fedoseev"]
[WhiteElo "2749"]
[BlackElo "2676"]
[PlyCount "75"]

1. Nf3 Nf6 2. g3 g6 3. Bg2 Bg7 4. O-O O-O 5. d4 d5 6. c4 c6
7. Ne5 Ng4 8. cxd5 cxd5 9. Bf4 Nxe5 10. Bxe5 Nc6 11. Bxg7 Kxg7
12. Nc3 e6 13. Qd2 Qf6 14. Rad1 Rd8 15. Rfe1 h6 16. h4 Qe7
17. e4 dxe4 18. d5 e5 19. Qe3 Na5 20. Qxe4 Bf5 21. Qa4 Qc5
22. Rc1 Rac8 23. b4 Qd4 24. Nb5 Rxc1 25. Rxc1 Qb2 26. Rc7 a6
27. Qxa5 axb5 28. Rxf7+ Kxf7 29. Qxd8 Qxb4 30. d6 Qe1+ 31. Kh2
Qxf2 32. Qe7+ Kg8 33. d7 Bxd7 34. Qxd7 Qxa2 35. Qe8+ Kg7
36. Qxe5+ Kg8 37. Qb8+ Kg7 38. Qxb7+ 1-0

[Event "chess.com Speed Chess"]
[Site "chess.com INT"]
[Date "2020.11.05"]
[EventDate "2020.11.01"]
[Round "1.23"]
[Result "1-0"]
[White "Vladimir Fedoseev"]
[Black "Alireza Firouzja"]
[WhiteElo "2676"]
[BlackElo "2749"]
[PlyCount "147"]

1. d4 Nf6 2. c4 g6 3. g3 Bg7 4. Bg2 O-O 5. Nc3 d6 6. Nf3 Nc6
7. O-O e5 8. d5 Ne7 9. e4 h6 10. b4 a5 11. Ba3 axb4 12. Bxb4
b6 13. a4 Ne8 14. Qb3 Rb8 15. Nb5 f5 16. a5 bxa5 17. Bxa5 fxe4
18. Nd2 Nf5 19. Nxe4 Nd4 20. Qd3 Bf5 21. Rfb1 Qd7 22. Bc3 Nxb5
23. Rxb5 Rxb5 24. cxb5 Nf6 25. Nxf6+ Bxf6 26. Qc4 Rb8 27. Bf1
Bd8 28. Ra7 Bh3 29. Bd3 Bf5 30. Be2 h5 31. Ba5 Bh3 32. Bxc7
Bxc7 33. Rxc7 Qf5 34. f3 Qb1+ 35. Qc1 Qxc1+ 36. Rxc1 Bd7
37. Kf2 Kf8 38. Ke3 Ke7 39. Rb1 Rb6 40. Bd3 Be8 41. Kd2 Bf7
42. Bc4 g5 43. Kc3 g4 44. fxg4 hxg4 45. Kb4 Rb8 46. Ra1 Be8
47. Ra7+ Kf6 48. Be2 e4 49. Rc7 Ke5 50. Bc4 Kd4 51. Rg7 Rc8
52. Be2 Rc2 53. Bxg4 Rb2+ 54. Ka3 Rxb5 55. Re7 Ra5+ 56. Kb4
Rb5+ 57. Ka3 Ra5+ 58. Kb4 Ra8 59. Bf5 Rb8+ 60. Ka3 Ra8+
61. Kb2 Rb8+ 62. Kc1 Kxd5 63. Bxe4+ Kd4 64. Bf5 Bc6 65. g4 Rh8
66. Bh7 Rf8 67. g5 Rf1+ 68. Kd2 Rf2+ 69. Re2 Rxe2+ 70. Kxe2
Ke5 71. h4 d5 72. Bd3 d4 73. h5 Be8 74. h6 1-0

[Event "chess.com Speed Chess"]
[Site "chess.com INT"]
[Date "2020.11.05"]
[EventDate "2020.11.01"]
[Round "1.25"]
[Result "1-0"]
[White "Vladimir Fedoseev"]
[Black "Alireza Firouzja"]
[WhiteElo "2676"]
[BlackElo "2749"]
[PlyCount "101"]

1. d4 Nf6 2. c4 g6 3. g3 Bg7 4. Bg2 O-O 5. Nc3 d6 6. Nf3 Nc6
7. O-O e5 8. d5 Ne7 9. e4 h6 10. b4 a5 11. Ba3 axb4 12. Bxb4
b6 13. a4 Ne8 14. Qb3 Rb8 15. Nb5 f5 16. a5 bxa5 17. Bxa5 fxe4
18. Nd2 Nf5 19. Nxe4 Nd4 20. Qd3 Bf5 21. Rfb1 Qd7 22. Bc3 Qf7
23. Nxd4 Rxb1+ 24. Rxb1 Bxe4 25. Qxe4 Qxf2+ 26. Kh1 exd4
27. Rf1 Qe3 28. Rxf8+ Kxf8 29. Qxe3 dxe3 30. Ba5 Bd4 31. Be4
g5 32. Kg2 Nf6 33. Bf5 Bb6 34. Bc3 Ke7 35. Kf3 Nd7 36. Bxd7
Kxd7 37. Bg7 h5 38. Bh6 g4+ 39. Ke2 Ke7 40. Bxe3 Kf6 41. Bxb6
cxb6 42. Ke3 Ke5 43. Kd3 Kf6 44. Kd4 Kf5 45. Kd3 Kf6 46. Kc3
Ke5 47. Kb4 Ke4 48. Kb5 Kf3 49. Kxb6 Kg2 50. c5 Kxh2 51. cxd6
1-0

[Event "chess.com Speed Chess"]
[Site "chess.com INT"]
[Date "2020.11.05"]
[EventDate "2020.11.01"]
[Round "1.27"]
[Result "0-1"]
[White "Vladimir Fedoseev"]
[Black "Alireza Firouzja"]
[WhiteElo "2676"]
[BlackElo "2749"]
[PlyCount "54"]

1. d4 Nf6 2. c4 g6 3. g3 Bg7 4. Bg2 O-O 5. Nc3 d6 6. Nf3 Nc6
7. O-O e5 8. d5 Ne7 9. e4 h6 10. b4 a5 11. Ba3 axb4 12. Bxb4
b6 13. a4 Ne8 14. Qb3 Rb8 15. Nb5 f5 16. a5 bxa5 17. Bxa5 fxe4
18. Nd2 Nf5 19. Nxe4 Nd4 20. Qd3 Bf5 21. Rfb1 Qd7 22. Bd2 Nf6
23. Ra7 Bxe4 24. Bxe4 Nxe4 25. Qxe4 Nf3+ 26. Kg2 Nxd2 27. Qxg6
Rf6 0-1

[Event "chess.com Speed Chess"]
[Site "chess.com INT"]
[Date "2020.11.05"]
[EventDate "2020.11.01"]
[Round "1.28"]
[Result "0-1"]
[White "Alireza Firouzja"]
[Black "Vladimir Fedoseev"]
[WhiteElo "2749"]
[BlackElo "2676"]
[PlyCount "132"]

1. Nf3 d5 2. g3 Nd7 3. d4 Nb6 4. Bg2 Bf5 5. Nc3 Nf6 6. Nh4 Bg6
7. Nxg6 hxg6 8. e4 e6 9. exd5 exd5 10. O-O Be7 11. Re1 O-O
12. Qd3 c6 13. Bg5 Qd7 14. Re2 Rfe8 15. Rae1 Bb4 16. Rxe8+
Rxe8 17. Rxe8+ Qxe8 18. Ne2 Nc4 19. b3 Nb2 20. Qe3 Qxe3
21. Bxe3 Nd1 22. Bf4 Ng4 23. c4 dxc4 24. bxc4 Ngxf2 25. d5 Bc5
26. dxc6 Ng4+ 27. Kf1 Nde3+ 28. Bxe3 Nxe3+ 29. Kg1 Nxc4+
30. Kh1 bxc6 31. Bxc6 Ne5 32. Bd5 g5 33. Bb3 g4 34. Nc3 Kf8
35. Ne4 Bb6 36. Kg2 f5 37. Ng5 Ke7 38. h3 Be3 39. Ne6 gxh3+
40. Kxh3 g5 41. Ng7 Kf6 42. Ne8+ Kg6 43. Bc2 Bc5 44. Nc7 Ng4
45. Nd5 Nh6 46. a4 a5 47. Kg2 g4 48. Nf4+ Kf6 49. Kf1 Nf7
50. Ke2 Nd6 51. Nd5+ Ke5 52. Nf4 Bb6 53. Ng6+ Kd4 54. Ne7 Ke5
55. Ng6+ Kf6 56. Nf4 Bd4 57. Kf1 Be5 58. Nd5+ Ke6 59. Nc7+ Kd7
60. Nb5 Ne4 61. Kg2 Nxg3 62. Na3 f4 63. Bd1 f3+ 64. Kf2 Nf5
65. Nc4 Bd4+ 66. Ke1 f2+ 0-1

[Event "chess.com Speed Chess"]
[Site "chess.com INT"]
[Date "2020.11.05"]
[EventDate "2020.11.01"]
[Round "1.33"]
[Result "1-0"]
[White "Vladimir Fedoseev"]
[Black "Alireza Firouzja"]
[WhiteElo "2676"]
[BlackElo "2749"]
[PlyCount "61"]

1. e4 c5 2. Nf3 d6 3. d4 cxd4 4. Nxd4 Nf6 5. Nc3 a6 6. f4 e5
7. Nb3 Nbd7 8. Bd3 Be7 9. O-O O-O 10. a4 b6 11. fxe5 dxe5
12. Be3 Bb7 13. Qf3 Rc8 14. Rad1 Re8 15. Qh3 Qc7 16. Nd5 Qb8
17. c4 Bxd5 18. cxd5 Nc5 19. Nxc5 Bxc5 20. Bxa6 Bxe3+ 21. Qxe3
Rc2 22. Bb5 Rd8 23. Bc6 Rxb2 24. Rb1 Rxb1 25. Rxb1 Qd6 26. h3
g6 27. Rxb6 Nh5 28. a5 Nf4 29. a6 Qe7 30. Rb2 Qg5 31. Kh2 1-0

[Event "chess.com Speed Chess"]
[Site "chess.com INT"]
[Date "2020.11.05"]
[EventDate "2020.11.01"]
[Round "1.35"]
[Result "1-0"]
[White "Vladimir Fedoseev"]
[Black "Alireza Firouzja"]
[WhiteElo "2676"]
[BlackElo "2749"]
[PlyCount "107"]

1. e4 c6 2. d4 d5 3. exd5 cxd5 4. Bd3 Nc6 5. c3 Nf6 6. Bf4 Bg4
7. Qb3 Na5 8. Qa4+ Bd7 9. Qc2 Qb6 10. Nf3 e6 11. Nbd2 Bb5
12. Ne5 Be7 13. O-O Bxd3 14. Nxd3 O-O 15. Rfe1 Rac8 16. Nf3
Ne4 17. h4 Nc4 18. Re2 Bd6 19. Rae1 Bxf4 20. Nxf4 Qd6 21. g3
h6 22. Kg2 b5 23. a3 a5 24. Nd3 Rc7 25. Nfe5 Rfc8 26. f3 Nf6
27. g4 Nd7 28. Nxf7 Kxf7 29. Rxe6 Qf8 30. Nf4 Ndb6 31. Qg6+
Kg8 32. Re8 Rf7 33. Rxf8+ Rcxf8 34. Nh5 Nc8 35. f4 N8d6 36. f5
Ne4 37. Rxe4 dxe4 38. f6 Ne3+ 39. Kg3 Nf1+ 40. Kh3 Ne3
41. Qxe4 Nc4 42. Qg6 Nd6 43. g5 hxg5 44. hxg5 Ne8 45. fxg7
Rf3+ 46. Kg4 R8f7 47. Qe6 Nxg7 48. Qc8+ Rf8 49. Qc6 Nxh5
50. Kxh5 R3f7 51. g6 Rf1 52. Kh6 R8f6 53. Qd5+ Kf8 54. Qd8#
1-0

[Event "chess.com Speed Chess"]
[Site "chess.com INT"]
[Date "2020.11.05"]
[EventDate "2020.11.01"]
[Round "1.37"]
[Result "0-1"]
[White "Vladimir Fedoseev"]
[Black "Alireza Firouzja"]
[WhiteElo "2676"]
[BlackElo "2749"]
[PlyCount "82"]

1. e4 c5 2. Nf3 d6 3. d4 cxd4 4. Nxd4 Nf6 5. Nc3 Nc6 6. Bg5 e6
7. Qd2 a6 8. O-O-O Bd7 9. f4 b5 10. Nxc6 Bxc6 11. Qe1 h6
12. Bh4 Be7 13. Bd3 Qc7 14. a3 Rb8 15. Na2 a5 16. Rf1 O-O
17. e5 dxe5 18. fxe5 Nd5 19. Qe4 g6 20. Rxf7 Rxf7 21. Qxg6+
Kf8 22. Qxh6+ Ke8 23. Bg6 Bxh4 24. Qxh4 b4 25. Rf1 Qb6
26. Bxf7+ Kd7 27. Bxe6+ Kxe6 28. Qh6+ Kxe5 29. Re1+ Kd4
30. Qd2+ Kc5 31. Qf2+ Kb5 32. Qe2+ Ka4 33. Qc4 Rc8 34. Qb3+
Kb5 35. Qd3+ Kc5 36. Re6 Qb5 37. Qf3 Qc4 38. b3 Qd4 39. axb4+
axb4 40. Kb1 Nc3+ 41. Nxc3 Bxf3 0-1

[Event "chess.com Speed Chess"]
[Site "chess.com INT"]
[Date "2020.11.05"]
[EventDate "2020.11.01"]
[Round "1.41"]
[Result "1/2-1/2"]
[White "Vladimir Fedoseev"]
[Black "Alireza Firouzja"]
[WhiteElo "2676"]
[BlackElo "2749"]
[PlyCount "124"]

1. e4 c6 2. d4 d5 3. exd5 cxd5 4. Bd3 Nf6 5. c3 Bg4 6. Qb3 Qc7
7. Bg5 e6 8. Nd2 Bd6 9. Ngf3 Nbd7 10. Bh4 O-O 11. O-O Rab8
12. a4 Bh5 13. Rfe1 Bg6 14. Qc2 Rfe8 15. Bg3 Bxg3 16. hxg3 a6
17. a5 Rbc8 18. Bxg6 hxg6 19. Qd3 Ng4 20. Re2 Nb8 21. Nb3 Nc6
22. Ng5 Rcd8 23. Qf3 Nf6 24. Qd3 Re7 25. f4 Ree8 26. Kf2 Ne7
27. Kf3 Nf5 28. Nc5 Qc6 29. g4 Nh6 30. Rh1 Nfxg4 31. g3 e5
32. fxe5 Nxe5+ 33. dxe5 Qxc5 34. Qd4 Qxd4 35. cxd4 Rc8 36. g4
Rc4 37. Rd2 Rec8 38. Nh3 Rb4 39. Nf4 Rb3+ 40. Ke2 Rd8 41. Rg1
g5 42. Nd3 Rb5 43. b4 g6 44. Rc2 Rd7 45. Ke3 Kg7 46. Rc5 Re7
47. Rxb5 axb5 48. Kf3 f6 49. exf6+ Kxf6 50. Nc5 Nf7 51. Rh1
Kg7 52. Ra1 Nd6 53. a6 bxa6 54. Rxa6 Ne4 55. Nxe4 Rxe4 56. Rb6
Rxd4 57. Rxb5 Kf6 58. Rb6+ Ke5 59. Rxg6 Rf4+ 60. Kg3 Rxb4
61. Rxg5+ Kf6 62. Rxd5 Rb1 1/2-1/2

[Event "chess.com Speed Chess"]
[Site "chess.com INT"]
[Date "2020.11.05"]
[EventDate "2020.11.01"]
[Round "1.43"]
[Result "0-1"]
[White "Vladimir Fedoseev"]
[Black "Alireza Firouzja"]
[WhiteElo "2676"]
[BlackElo "2749"]
[PlyCount "126"]

1. e4 c5 2. Nf3 d6 3. Bb5+ Nd7 4. d4 cxd4 5. Qxd4 a6 6. Bxd7+
Bxd7 7. c4 e5 8. Qd3 b5 9. Nbd2 Nf6 10. b3 Be7 11. O-O O-O
12. Bb2 Qb8 13. c5 Rd8 14. Rac1 dxc5 15. Nxe5 Be6 16. Qe2 Qb7
17. Rfe1 Rac8 18. h3 h6 19. Nf1 c4 20. bxc4 bxc4 21. Bc3 Nd7
22. Nxd7 Rxd7 23. Ne3 Qxe4 24. Qb2 Qg6 25. Kh1 Bc5 26. Nf1 Rd3
27. Ng3 Bxf2 28. Qxf2 Rxg3 29. Be5 Rd3 30. Re3 Rcd8 31. Rce1
Rxe3 32. Rxe3 Rd3 33. Rxd3 cxd3 34. Bc3 Kh7 35. a3 Qe4 36. Kh2
f6 37. Qg3 Bd5 38. Qf2 h5 39. Bd2 Kg8 40. Bc3 Kf7 41. Bd2 Ke6
42. Qg3 g5 43. Qe3 Kf5 44. Qxe4+ Kxe4 45. Kg3 Kd4 46. Kf2 Kc4
47. g3 Kb3 48. Ke3 Bc4 49. Bb4 Bb5 50. Kd2 Bd7 51. h4 gxh4
52. gxh4 Bb5 53. Be7 f5 54. Bd6 Kc4 55. Be5 Kd5 56. Bc7 Ke4
57. Ke1 Ke3 58. Bb6+ Kf3 59. Kd2 f4 60. Bc7 Kg4 61. Bd8 f3
62. Ke3 Kg3 63. Bc7+ Kg2 0-1